| 000 | 00760nam a22001817a 4500 | ||
|---|---|---|---|
| 005 | 20250926104806.0 | ||
| 010 | _aHIN-130454 | ||
| 020 |
_c500.00 _a9788196338329 |
||
| 035 | _aHN-102800 | ||
| 037 | _bDBAD | ||
| 082 | _a821 | ||
| 100 |
_aराज बहादुर _985216 |
||
| 245 |
_aपहली गलती / _cराज बहादुर 'राज ' |
||
| 260 |
_aउत्तर प्रदेश _bगुंजन प्रकाशन _c2023 |
||
| 270 |
_aसी - 130, हिमगिरि कालोनी ,काठ रोड मुरादाबाद _bउत्तर प्रदेश _e244001 |
||
| 300 |
_a104पृ. _c22 सेमी (सजिल्द ) |
||
| 942 |
_2ddc _cHN _h821 _mबहादु |
||
| 999 |
_c213452 _d213452 |
||